1589 1071 1180 1788 1214 1856 1096 1160 1289 1191 1146 1388 1702 1351 1011 1084 1502 1485 1638 1907 1132 1145 1744 1599 1643 1154 1726 1927 1573 1904 1397 1184 1142 1582 1943 1633 1249 1304 1084 1026 1692 1517 1723 1846 1720 1881 1737 1016 1735 1660 1085 1752 1071 1328 1958 1884 1535 1068 1843 1554 1663 1680 1500 1278 1294 1912 1231 1715 1719 1459 1397 1327 1743 1190 1308 1147 1179 1370 1523 1913 1586 1196 1487 1119 1954 1883 1921 1283 1604 1247 1218 1884 1222 1075 1901 1562 1812 1303 1670 BCNSPRNW ULIB Ver.6.0+V

เปลี่ยนเป็นภาษาไทย

Change to English
 แสดงรายละเอียดบรรณานุกรม
  กลับหน้าหลัก

Brief Record : Get Marc (ISO 2709) : E-mail record : QR code < ปิดหน้าต่าง
LEADER : 00000nam 2200000uu 4500
001    13399128500
003     ULIB
008    230830s2565||||th 000 0 tha d
020 ^  ^a9786161849887 :^c(pbk.)
050 0  ^aPT2665 ^bอ73ม
100 1  ^aเอ็นเด้, มิชาเอ็ล.
245 1  ^aโมโม่ =^bMomo /^cมิชาเอ็ล เอ็นเด้, เขียนและวาดภาพประกอบ ; ชินนรงค์ เนียวกุล, แปลจากภาษาเยอรมัน.
246 3  ^aMomo
250 ^  ^aพิมพ์ครั้งที่ 17.
260 ^  ^aกรุงเทพฯ :^bแพรวเยาวชน,^c2565.
300 ^  ^a282 หน้า :^bภาพประกอบ ;^c19 ซม.
505 2  ^aตอนที่หนึ่ง : โมโม่และเพื่อนๆ --^tตอนที่สอง: ผู้ชายสีเทา --^tตอนที่สาม : ดอกไม้ชั่วโมง.
650 ^  ^aวรรณกรรมแปล.
650 ^  ^aวรรณกรรมสำหรับเด็ก.
700 0  ^aชินนรงค์ เนียวกุล.
945    ^p265^l0^i010263
999    ^aประนอม เกษจรัล
รายการนี้ยังไม่มีแท็ก
คุณยังไม่ได้ล็อกอิน คุณสามารถมีกิจกรรมร่วมกับเว็บไซต์ได้ แต่ต้องล็อกอินก่อน ::
  ล็อกอิน

รายการสื่อสารสนเทศ

ลำดับที่ ประเภท เลขเรียก/บาร์โค้ด สถานที่ สถานะ
1. การศึกษาทั่วไป
การศึกษาทั่วไป
PT2665 อ73ม ฉ.1 
  Barcode: 010263
ห้องสมุดวิทยาเขตสวรรค์ประชารักษ์
►หนังสือทั่วไป
บนชั้น

รายการใกล้เคียง
    ผู้แต่ง [เอ็นเด้, มิชาเอ็ล.]

    หัวเรื่อง [วรรณกรรมแปล.]
    หัวเรื่อง [วรรณกรรมสำหรับเด็ก.]

BibComment


ยังไม่เคยถูกคอมเมนท์

คอมเมนท์ทรัพยากรรายการนี้
  คอมเมนท์: โมโม่ Momo มิช..


 Copyright 2026. Bcnsprnw @Library